| 000 | nam a22 a 4500 | ||
|---|---|---|---|
| 999 |
_c3738 _d3738 |
||
| 005 | 20170523162111.0 | ||
| 008 | 170523b my ||||| |||| 00| 0 may d | ||
| 040 | _aAKMAL | ||
| 082 | _a382.3 WCO | ||
| 090 |
_a382.3 _bWCO |
||
| 110 |
_aJabatan Kastam Diraja Malaysia _9836 |
||
| 245 | 1 | 0 | _aSistem Penilaian Kastam Mengikut Perjanjian Pertubuhan Perdagangan Dunia (WTO) . |
| 260 |
_aPutrajaya: _bBahagian Perkhidmatan Teknik, JKDM _c[?] |
||
| 300 |
_avarious paging: _bill; _c31cm |
||
| 650 | 1 | 0 |
_aCustoms Administration _xLaw and legislation _96000 |
| 710 | 2 |
_aJabatan Kastam Diraja Malaysia _bBahagian Perkhidmatan Teknik _97398 |
|
| 942 |
_2ddc _cBOOK |
||
| 950 | _lAKMAL | ||